| 000 | 00000nas 2200000za 4500 |
| 001 | 9.862424 |
| 003 | CaOODSP |
| 005 | 20221107161019 |
| 007 | cr ||||||||||| |
| 008 | 180926d19781985onc u m o f0 b0fre|d |
| 040 | |aCaOODSP|bfre |
| 041 | |afre|beng |
| 043 | |an-cn--- |
| 086 | 1 |aEn36-508F-PDF |
| 130 | 0 |aSérie des rapports généraux (Canada. Direction générale des eaux intérieures) |
| 245 | 00|aSérie des rapports généraux - Direction générale des eaux intérieures |h[ressource électronique]. |
| 246 | 10|aSérie des rapports généraux de la DGEI |
| 260 | |a[Ottawa : |bInstitut national de recherches sur les eaux, Environnement Canada, |c197-]-1985. |
| 362 | 1 |aNe paraît plus après no. 74. |
| 500 | |aPubl. aussi en anglais sous le titre : Report series - Inland Waters Directorate. |
| 546 | |aRésumés en français et anglais. |
| 692 | 07|2gccst|aHydrologie |
| 710 | 1 |aCanada. |bEnvironnement Canada. |
| 710 | 1 |aCanada. |bDirection générale des eaux intérieures. |
| 775 | 08|tReport series - Inland Waters Directorate |w(CaOODSP)9.862410 |
| 785 | 00|tSérie des rapports généraux - Direction générale des eaux intérieures et des terres |w(CaOODSP)9.862433 |